The world encyclopedia of stamps & stamp collecting (Record no. 3172)

000 -LEADER
fixed length control field 00616nam a22000977a 4500
008 - FIXED-LENGTH DATA ELEMENTS--GENERAL INFORMATION
fixed length control field 211004b ||||| |||| 00| 0 eng d
100 ## - MAIN ENTRY--AUTHOR'S NAME
Author's Name Mackay, James
245 ## - TITLE STATEMENT
Title The world encyclopedia of stamps & stamp collecting
260 ## - PUBLICATION, DISTRIBUTION, ETC. (IMPRINT)
Name of publisher, distributor, etc. Lorenz Books
Date of publication, distribution, etc. 2005; 2007
650 ## - TOPICAL TERM (Tag)
Topical term or geographic name Dictionaries and Encyclopedias | Collecting | Collecting -- Guides and Handbooks | Collecting -- Identification -- Stamp Finders | Definitive Issues | Commemorative Issues | Designs | Stamps -- Histories | Famous Stamps and Collections | Philately -- History | First Issues | Production | Color | Topical Collecting | Cinderella Material | Postal History
Holdings
Withdrawn status Lost status Source of classification or shelving scheme Damaged status Koha normalized classification for sorting Not for loan Permanent Location Current Location Shelving location Date acquired Total Checkouts Full call number Barcode Date last seen Copy number Price effective from Koha item type
        G3200 A11 M153   Northern Philatelic Library Northern Philatelic Library General Stacks 10/04/2021   G3200 A11 M153 1005599 10/04/2021 1 10/04/2021 Books

Powered by Koha